000 00481nam a2200205Ia 4500
003 OSt
005 20220926045618.0
006 a|||||r|||| 00| 0
007 ta
008 220923b |||||||| |||| 00| 0 eng d
037 _cGeneral Book
040 _aRTL
_cRTL
_beng
041 _2eng
_aeng
082 _aYXwN76, P3
245 0 _aImran 1976-2003
260 _c2003
300 _aviii,109p
_ccm.
942 _hYXwN76, P3
_cGB
_2CC
999 _c678106
_d678106